Detalles MARC
| 000 -LEADER |
| campo de control de longitud fija |
03068cam a22005654i 4500 |
| 003 - IDENTIFICADOR DE NÚMERO DE CONTROL |
| campo de control |
PE-LiUPU |
| 005 - FECHA Y HORA DE LA ÚLTIMA TRANSACCIÓN |
| campo de control |
20250731165445.0 |
| 008 - DATOS DE LONGITUD FIJA--INFORMACIÓN GENERAL |
| campo de control de longitud fija |
170215s2016 ck 000 0 eng d |
| 020 ## - NÚMERO INTERNACIONAL ESTÁNDAR DEL LIBRO |
| Número Internacional Estándar del Libro |
9789587625158 |
| 035 ## - NÚMERO DE CONTROL DEL SISTEMA |
| Número de control de sistema |
(Sirsi) i9789587625158 |
| 040 ## - FUENTE DE CATALOGACIÓN |
| Centro/agencia modificador |
PE-LiUPU |
| Normas de descripción |
rda |
| 049 ## - FONDOS LOCALES (OCLC) |
| Biblioteca depositaria |
PRUA |
| 082 04 - NÚMERO DE LA CLASIFICACIÓN DECIMAL DEWEY |
| Número de clasificación |
004.6 |
| Cutter |
A71 2016 |
| 100 1# - ENTRADA PRINCIPAL--NOMBRE DE PERSONA |
| Nombre de persona |
Ariganello, Ernesto, |
| Término indicativo de función/relación |
autor. |
| 245 10 - MENCIÓN DEL TÍTULO |
| Título |
Redes Cisco : |
| Resto del título |
Guía de estudio para la certificación CCNP Routing y Switching / |
| Mención de responsabilidad, etc. |
Ernesto Ariganello, Enrique Barrientos Sevilla. |
| 250 ## - MENCION DE EDICION |
| Mención de edición |
Tercera edición actualizada. |
| 264 #1 - PRODUCCIÓN, PUBLICACIÓN, DISTRIBUCIÓN, FABRICACIÓN Y COPYRIGHT |
| Producción, publicación, distribución, fabricación y copyright |
Bogotá : |
| Nombre del de productor, editor, distribuidor, fabricante |
Ediciones de la U, |
| Fecha de producción, publicación, distribución, fabricación o copyright |
2016. |
| 300 ## - DESCRIPCIÓN FÍSICA |
| Extensión |
887 páginas : |
| Otras características físicas |
ilustraciones ; |
| Dimensiones |
24 centímetros. |
| 336 ## - TIPO DE CONTENIDO |
| Término de tipo de contenido |
text |
| Fuente |
rdacontent |
| 337 ## - TIPO DE MEDIO |
| Nombre/término del tipo de medio |
unmediated |
| Fuente |
rdamedia |
| 338 ## - TIPO DE SOPORTE |
| Nombre/término del tipo de soporte |
volume |
| Fuente |
rdacarrier |
| 504 ## - NOTA DE BIBLIOGRAFÍA, ETC. |
| Nota de bibliografía, etc. |
Incluye índice. |
| 505 0# - NOTA DE CONTENIDO CON FORMATO |
| Nota de contenido con formato |
Router: Principios de networing -- Fundamientos de enrutamiento -- EIGRP -- OSPF -- BGP -- Redistrubución y selección de rutas -- Conectividad remota -- Seguridad y autenticación -- Servicios -- Switch: Diseño de redes -- Conmutación -- Conmutación multicapa -- Redes virtuales -- Etherchannel -- STP -- Seguridad y control de tráfico -- Redundancia y balanceo de carga -- TSHOOT: Introducción a los procesos de troubleshooting -- Mantenimiento y diagnóstico -- Mejora del rendimiento de los dispositivos -- Troubleshooting en switches catalyst -- Troubleshooting de seguridad -- Troubleshooting y direccionamiento IP -- Troubleshooting de enrutamiento -- Troubleshooting de route MAPS y PBR -- Troubleshooting de redistribución -- Troubleshooting de protocolos y herramientas de gestión -- Troubleshooting de redes a gran escala. |
| 526 ## - NOTA DE INFORMACIÓN SOBRE EL PROGRAMA DE ESTUDIO |
| Nombre del programa |
Segunda Especialidad En Estadística Aplicada Para Investigación (A Distancia) |
| 526 ## - NOTA DE INFORMACIÓN SOBRE EL PROGRAMA DE ESTUDIO |
| Nombre del programa |
Segunda Especialidad En Estadística Aplicada Para Investigación |
| 526 ## - NOTA DE INFORMACIÓN SOBRE EL PROGRAMA DE ESTUDIO |
| Nombre del programa |
Ingeniería De Ciberseguridad |
| 526 ## - NOTA DE INFORMACIÓN SOBRE EL PROGRAMA DE ESTUDIO |
| Nombre del programa |
Ingeniería De Ciencia De Datos E Inteligencia Artificial |
| 526 ## - NOTA DE INFORMACIÓN SOBRE EL PROGRAMA DE ESTUDIO |
| Nombre del programa |
Ingeniería De Software |
| 526 ## - NOTA DE INFORMACIÓN SOBRE EL PROGRAMA DE ESTUDIO |
| Nombre del programa |
|
| 526 ## - NOTA DE INFORMACIÓN SOBRE EL PROGRAMA DE ESTUDIO |
| Nombre del programa |
Comunicación Y Periodismo |
| 526 ## - NOTA DE INFORMACIÓN SOBRE EL PROGRAMA DE ESTUDIO |
| Nombre del programa |
Maestría En Ingeniería De Sistemas Con Mención En Dirección Y Gestión De Tecnologías De Información (Semipresencial) |
| 526 ## - NOTA DE INFORMACIÓN SOBRE EL PROGRAMA DE ESTUDIO |
| Nombre del programa |
Maestría En Ingeniería De Sistemas Con Mención En Dirección Y Gestión De Tecnologías De Información (A Distancia) |
| 526 ## - NOTA DE INFORMACIÓN SOBRE EL PROGRAMA DE ESTUDIO |
| Nombre del programa |
Doctorado en ingeniería de sistemas |
| 526 ## - NOTA DE INFORMACIÓN SOBRE EL PROGRAMA DE ESTUDIO |
| Nombre del programa |
Maestría en ingeniería de sistemas con mención en Ingeniería de software |
| 526 ## - NOTA DE INFORMACIÓN SOBRE EL PROGRAMA DE ESTUDIO |
| Nombre del programa |
Maestría en ingeniería de sistemas con mención en Dirección y gestión de tecnologías de información |
| 526 ## - NOTA DE INFORMACIÓN SOBRE EL PROGRAMA DE ESTUDIO |
| Nombre del programa |
Ingeniería de sistemas |
| 526 ## - NOTA DE INFORMACIÓN SOBRE EL PROGRAMA DE ESTUDIO |
| Nombre del programa |
Educación secundaria, especialidad matemática e informática |
| 541 ## - NOTA DE FUENTE DE ADQUISICIÓN DIRECTA |
| -- |
0014-0001976; |
| 541 ## - NOTA DE FUENTE DE ADQUISICIÓN DIRECTA |
| -- |
0001-0042355; |
| 596 ## - |
| -- |
1 3 |
| 650 #4 - PUNTO DE ACCESO ADICIONAL DE MATERIA--TÉRMINO DE MATERIA |
| Término de materia o nombre geográfico como elemento de entrada |
Redes de computadores -- Medidas de seguridad. |
| 650 #4 - PUNTO DE ACCESO ADICIONAL DE MATERIA--TÉRMINO DE MATERIA |
| Término de materia o nombre geográfico como elemento de entrada |
Seguridad en computadores. |
| 700 1# - ENTRADA AGREGADA--NOMBRE PERSONAL |
| Nombre de persona |
Barrientos Sevilla, Enrique, |
| Término indicativo de función/relación |
coautor. |
| 910 ## - DATOS DE OPCIÓN DEL USUARIO (OCLC) |
| Datos de opción del usuario |
rmch |
| -- |
tqv |
| -- |
rmch |
| -- |
20170215 |
| 942 ## - ELEMENTOS DE ENTRADA SECUNDARIOS (KOHA) |
| Fuente del sistema de clasificación o colocación |
Clasificación Decimal Dewey |
| Tipo de ítem Koha |
|
| 949 ## - PROCESAMIENTO DE INFORMACIÓN LOCAL (OCLC) |
| a |
004.6 A71 2016 |
| w |
DEWEY |
| c |
1 |
| i |
FJ06853 |
| l |
CCODEBUJ1 |
| m |
BUJ |
| p |
53.00 |
| r |
0 |
| s |
Y |
| t |
BOOK |
| u |
2017-02-15 |
| x |
INGENIERIA |
| -- |
P27 |
| 0 |
COMPRA |
| o |
.STAFF. Colección General Juliaca |
| 994 ## - |
| -- |
C0 |
| -- |
PEPRU |
| 999 ## - NÚMEROS DE CONTROL DE SISTEMA (KOHA) |
| -- |
DEWEY |
| -- |
FJ06853 |
| -- |
2018-11-22 |
| -- |
2021-12-27 |
| -- |
4 |
| -- |
CCODEBUJ1 |
| -- |
BUJ |
| -- |
2 |
| -- |
53.00 |
| -- |
4 |
| -- |
0 |
| -- |
Y |
| -- |
BOOK |
| -- |
2017-2-15 |
| -- |
INGENIERIA |
| -- |
P27 |
| -- |
COMPRA |
| -- |
.STAFF. Colección General Juliaca |
| 999 ## - NÚMEROS DE CONTROL DE SISTEMA (KOHA) |
| -- |
DEWEY |
| -- |
78233 |
| -- |
2019-10-16 |
| -- |
2021-11-9 |
| -- |
4 |
| -- |
CCODEBUL1 |
| -- |
BUL |
| -- |
3 |
| -- |
63.14 |
| -- |
3 |
| -- |
0 |
| -- |
Y |
| -- |
BOOK |
| -- |
2018-1-19 |
| -- |
INGENIERIA |
| -- |
P27 |
| -- |
COMPRA |
| -- |
.CIRCNOTE. Documento de alto precio. |
| -- |
.STAFF. Colección Ingeniería y Arquitectura |
| 980 ## - EQUIVALENCIA O REFERENCIA-CRUZADA-MENCIÓN DE SERIE--NOMBRE DE PERSONA/TÍTULO [LOCAL, CANADÁ] |
| ID del último usuario que modificó el registro |
1 |
| Nombre del último usuario que modificó el registro |
ALBERTO SANCHEZ Responsable de Automatización |